000 00677nam a22002297a 4500
003 UA-OsUOA
001 44964
007 ta
008 20110920b un ||||| |||| 00| 0 ukr d
090 _a330
_bЕ45
942 _cBK
040 _aUA-OsUOA
_bukr
_cUA-OsUOA
_dUA-OsUOA
245 _aЕкономічний розвиток громади
_bнавчальний посібник
300 _a197 с.
955 _a1
041 _aukr
080 _a330
260 _aУжгород
_c2007
650 7 _a330 Економіка взагалі
_2UDC
999 _c425065
_d425065